000 01110nam a22002897a 4500
008 130821s sp gr spa
040 _aCo-BoUCM
_bspa
041 0 0 _aspa
092 _aFM 000708
245 0 3 _aLa parroquia esa vieja novedad
_cCentro de Estudios Pastorales de Zaragoza
260 _aMadrid (España)
_bEuroamerica, Ortega y Gasset
_c[fecha desconocida]
300 _a525 páginas
490 _aColección Mundo Mejor; serie 7, Pastoral, v. 9
500 _aIncluye bibliografía e índice. -- Este libro se encuentra en el depósito de la biblioteca
610 _aIglesia Católica
_93579
610 _aIglesia Católica
_xEnseñanza bíblica
_97705
650 0 4 _aClero (Derecho canónico)
_911024
650 0 4 _aEducación católica
_913786
650 0 4 _aEnseñanza bíblica
_914587
650 0 4 _aHistoria
_97695
650 0 4 _aIglesia Católica y problemas sociales
_97704
650 0 4 _aObras parroquiales
_920665
650 0 4 _aParroquias
_921105
650 0 4 _aParroquias
_xHistoria
_921105
700 _aCentro de Estudios Pastorales de Zaragoza
_9148640
942 _cLIBRO
_a27
_e1
_n0
999 _c84614
_d84614